Organizational development: a practitioner's guide for OD and HR (Record no. 442408)

000 -LEADER
fixed length control field 00499cam a22001577a 4500
008 - FIXED-LENGTH DATA ELEMENTS--GENERAL INFORMATION
fixed length control field 180718b2011 xxu||||| |||| 00| 0 eng d
020 ## - INTERNATIONAL STANDARD BOOK NUMBER
International Standard Book Number 9780749460945
082 ## - DEWEY DECIMAL CLASSIFICATION NUMBER
Classification number I5372 C426
100 ## - MAIN ENTRY--PERSONAL NAME
Personal name Cheung-Judge, Mee-Yan
245 ## - TITLE STATEMENT
Title Organizational development: a practitioner's guide for OD and HR
Statement of responsibility, etc. by Mee-Yan Cheung-Judge and Linda Holbeche
260 ## - PUBLICATION, DISTRIBUTION, ETC.
Place of publication, distribution, etc. London
Name of publisher, distributor, etc. Kogan Page
Date of publication, distribution, etc. 2011
300 ## - PHYSICAL DESCRIPTION
Extent 324p.
650 ## - SUBJECT ADDED ENTRY--TOPICAL TERM
Topical term or geographic name entry element Personnel management
650 ## - SUBJECT ADDED ENTRY--TOPICAL TERM
Topical term or geographic name entry element Organizational change
700 ## - ADDED ENTRY--PERSONAL NAME
Personal name Holbeche, Linda
Holdings
Withdrawn status Lost status Damaged status Not for loan Permanent Location Current Location Date acquired Full call number Barcode Date last seen Price effective from Koha item type
        Indian Institute of Public Administration Indian Institute of Public Administration 2012-01-20 I5372 C426 84545 2018-07-21 2018-07-21 Book

Powered by Koha